| 000 | 00406 a2200145 4500 | ||
|---|---|---|---|
| 001 | ART_12759 | ||
| 005 | 20260410161733.0 | ||
| 008 | 260409a | ||
| 245 | 1 | 0 | _aEl acoso impositivo |
| 100 | 1 | _aLlanos, Eduardo | |
| 700 | 1 | _aPace, Juan Carlos | |
| 700 | 1 | _aCravino, Daniel | |
| 700 | 1 | _aYemma, Juan Carlos | |
| 773 | 0 |
_tEjecutivos de finanzas _g- Año 6, Nº 44 (abr. 1988) _wREV2863 |
|
| 999 |
_c18011 _d18011 |
||